| 000 | 00722nam a22002297a 4500 | ||
|---|---|---|---|
| 003 | DO-SdBNP | ||
| 005 | 20240530073924.0 | ||
| 007 | ta | ||
| 008 | 210304b 2020 dr f 00| 0 eng d | ||
| 020 | _a9789945094589 | ||
| 040 |
_aDO-SdBNP _bspa _cBNPHU |
||
| 082 | 4 |
_aRD863.5 _bM298c _222 |
|
| 100 | 1 |
_aMaracallo, Amanda Rosario, _d1997- _978013 |
|
| 245 | 1 | 0 |
_aAtractivo urbano : _bhumedad en un sueño placentero / _cAmanda Rosario Maracallo. |
| 260 |
_aSanto Domingo : _bVérité Editorial Group, _c2020. |
||
| 300 |
_a190 p. ; _c21 cm. |
||
| 590 | _aInventariado, 2021 /LP | ||
| 650 | 0 |
_aNovela dominicana _9223 |
|
| 650 | 4 |
_aLiteratura dominicana _978843 |
|
| 910 | _aValidado. Control de calidad MFF | ||
| 942 |
_2ddc _cLBS1 |
||
| 999 |
_c49498 _d49498 |
||